| 000 | 01218nam a2200253Ia 4500 | ||
|---|---|---|---|
| 999 |
_c37902 _d37902 |
||
| 001 | 3880 | ||
| 003 | GE_BSU | ||
| 005 | 20190819162042.0 | ||
| 008 | 181216s1978||||ge |||||||||||||| ||geo|| | ||
| 040 | _cGE_BSU | ||
| 041 | _ageo | ||
| 080 | _a1(09)+1 გ–59 | ||
| 100 |
_aგოგიბერიძე, მოსე _93633 |
||
| 245 |
_aრჩეული ფილოსოფიური თხზულებანი : _b3 ტომად. ტ.4 : რუსთაველი. პეტრიწი. პრელუდიები / _cშეადგინა იოსებ მეგრელიძემ, რედ.გ. თევზაძე. |
||
| 264 |
_a თბ. : _bთბილ. უნ-ტის გამ-ბა, _c1978. |
||
| 300 |
_a360 გვ. ; _b22სმ. |
||
| 504 | _aბიბლიოგრ. ტექსტის შენიშვნ. | ||
| 653 | _aფილოსოფია; | ||
| 653 | _aიოანე პეტრიწი | ||
| 653 | _aრუსთაველი შოთა | ||
| 700 |
_aმეგრელიძე, იოსებ _eშემდგენელი _9114 |
||
| 700 |
_a თევზაძე, გ. _eრედაქტორი _93674 |
||
| 942 |
_cBK _2udc |
||